[Event "Dorsten- Hamm"]
[Site "?"]
[Date "2022.11.06"]
[Round "4.2"]
[White "Nowok, Frank"]
[Black "Happel, Heiner"]
[Result "0-1"]
[WhiteElo "1944"]
[BlackElo "2220"]
[PlyCount "32"]
[SourceDate "2022.10.02"]

1. c4 e6 2. g3 d5 3. Nf3 Nf6 4. Bg2 Be7 5. O-O O-O 6. Qc2 c5 7. d3 Nc6 8. a3 b6
9. cxd5 Nxd5 10. Nc3 Bb7 11. Ne4 h6 12. Rb1 Rc8 13. b3 Nd4 14. Qd2 f5 15. Nc3
Nxc3 16. Nxd4 Nxb1 0-1

[Event "Dorsten- Hamm"]
[Site "?"]
[Date "2022.11.06"]
[Round "4.3"]
[White "Dargel, Manuel"]
[Black "Hermanowski, Mark"]
[Result "1-0"]
[WhiteElo "2175"]
[BlackElo "1931"]
[PlyCount "63"]
[SourceDate "2022.10.02"]

1. c4 e6 2. Nc3 b6 3. Nf3 Bb7 4. d4 h6 5. e4 g5 6. Be3 Bg7 7. Bd3 Ne7 8. Qe2
O-O 9. g4 Ng6 10. O-O-O Qf6 11. Kb1 Nf4 12. Bxf4 Qxf4 13. h4 Nc6 14. Bc2 Nb4
15. hxg5 hxg5 16. Rh5 Nxc2 17. Kxc2 f6 18. Ne1 f5 19. gxf5 exf5 20. e5 Rae8 21.
Nd3 Qxd4 22. Rxg5 Re7 23. f3 d6 24. Rdg1 Be4 25. fxe4 fxe4 26. Nxe4 Qxc4+ 27.
Kb1 dxe5 28. R5g4 Qd5 29. Rg6 Qd4 30. R1g4 Rf4 31. Nxf4 exf4 32. Rxf4 1-0

[Event "Dorsten- Hamm"]
[Site "?"]
[Date "2022.11.06"]
[Round "4.4"]
[White "Vengels, Joachim"]
[Black "Prueß, Wilfried"]
[Result "1/2-1/2"]
[WhiteElo "1968"]
[BlackElo "2113"]
[PlyCount "48"]
[SourceDate "2022.10.02"]

1. c4 Nf6 2. Nf3 e6 3. b3 b6 4. g3 Bb7 5. Bg2 Be7 6. O-O O-O 7. Bb2 d6 8. Nc3
Nbd7 9. d4 a6 10. Re1 c5 11. dxc5 Nxc5 12. Qc2 Qc7 13. Rad1 Rac8 14. e4 Rfd8
15. Nd4 Ncd7 16. Qe2 Bf8 17. h3 g6 18. Qe3 Bg7 19. Re2 Nc5 20. g4 e5 21. Nc2
Ne6 22. Red2 Bf8 23. Nb4 Nf4 24. g5 N6h5 1/2-1/2

[Event "Dorsten- Hamm"]
[Site "?"]
[Date "2022.11.06"]
[Round "4.5"]
[White "Schmidt, Ingo"]
[Black "Buesken, Klaus"]
[Result "1/2-1/2"]
[WhiteElo "2017"]
[BlackElo "1844"]
[PlyCount "74"]
[SourceDate "2022.10.02"]

1. e4 c5 2. Nf3 e6 3. d4 cxd4 4. Nxd4 Nf6 5. Nc3 Nc6 6. Ndb5 Bb4 7. a3 Bxc3+ 8.
Nxc3 d5 9. exd5 Nxd5 10. Nxd5 Qxd5 11. Qxd5 exd5 12. Bf4 Be6 13. Bd3 O-O 14.
O-O f6 15. Rfe1 Rfe8 16. Rad1 Bf7 17. Kf1 Rxe1+ 18. Rxe1 Re8 19. Rd1 Rd8 20.
Bc7 Rd7 21. Bg3 Rd8 22. f4 g6 23. Bf2 Kf8 24. b4 a6 25. a4 d4 26. b5 Nb4 27.
Be4 axb5 28. Bxd4 Bc4+ 29. Kf2 Kf7 30. axb5 Bxb5 31. c3 Nc6 32. Rb1 Nxd4 33.
cxd4 Bc6 34. d5 Bxd5 35. Bxd5+ Rxd5 36. Rxb7+ Kg8 37. h3 Rd8 1/2-1/2

[Event "Dorsten- Hamm"]
[Site "?"]
[Date "2022.11.06"]
[Round "4.6"]
[White "Hater, Norbert"]
[Black "Paduch, Alexander"]
[Result "1-0"]
[WhiteElo "1838"]
[BlackElo "1995"]
[PlyCount "67"]
[SourceDate "2022.10.02"]

1. d4 Nf6 2. Nc3 d5 3. e4 dxe4 4. f3 exf3 5. Nxf3 g6 6. Bc4 Bg7 7. O-O O-O 8.
Bg5 h6 9. Bf4 Bg4 10. Qd2 Bxf3 11. Rxf3 g5 12. Be5 Nc6 13. Rd3 Na5 14. Bb3 Nxb3
15. axb3 c6 16. Rf1 Nd5 17. Bxg7 Kxg7 18. Nxd5 Qxd5 19. c4 Qd6 20. h4 f6 21.
Qf2 e6 22. Rf3 f5 23. hxg5 hxg5 24. g4 fxg4 25. Rf7+ Kg8 26. Kg2 e5 27. dxe5
Qh6 28. e6 g3 29. Qxg3 Rxf7 30. exf7+ Kf8 31. Qe5 Rd8 32. Rh1 Rd2+ 33. Kg1 Rd1+
34. Kf2 1-0

[Event "Dorsten- Hamm"]
[Site "?"]
[Date "2022.11.06"]
[Round "4.7"]
[White "Klaus, Michael"]
[Black "Heinrichs, Maximilian"]
[Result "0-1"]
[WhiteElo "1939"]
[BlackElo "1814"]
[PlyCount "82"]
[SourceDate "2022.10.02"]

1. d4 Nf6 2. Nf3 g6 3. c4 Bg7 4. Nc3 d5 5. e3 O-O 6. Be2 b6 7. O-O dxc4 8. Bxc4
Bb7 9. b3 Nbd7 10. Ba3 c5 11. Rc1 Rc8 12. Qe2 Ne4 13. Nxe4 Bxe4 14. Rfd1 Bxf3
15. Qxf3 cxd4 16. exd4 Nf6 17. Qb7 Re8 18. Bb5 Rb8 19. Qf3 Rf8 20. d5 Ne8 21.
Re1 Nd6 22. Bc6 b5 23. Bc5 Qc7 24. Qe3 Nf5 25. Qe4 Bf6 26. f4 h5 27. h3 h4 28.
Bf2 Qa5 29. Re2 Rfd8 30. Rec2 Kg7 31. Rc5 Qxa2 32. Qd3 a6 33. R5c2 Qa5 34. Rd1
Qb4 35. Qf3 Nd4 36. Bxd4 Bxd4+ 37. Kh2 Bf6 38. Rf1 a5 39. Ra2 Rb6 40. Qe3 Ra6
41. Qd3 Rxc6 0-1

[Event "Dorsten- Hamm"]
[Site "?"]
[Date "2022.11.06"]
[Round "4.8"]
[White "Nashir, Ramin"]
[Black "Sporkert, Corina"]
[Result "1/2-1/2"]
[WhiteElo "1432"]
[BlackElo "1780"]
[PlyCount "82"]
[SourceDate "2022.10.02"]

1. Nf3 d5 2. g3 Nc6 3. d4 Bf5 4. Bg2 e6 5. O-O Be7 6. c4 Nf6 7. b3 O-O 8. Ba3
Re8 9. Bxe7 Qxe7 10. Nc3 a6 11. Nh4 Be4 12. Bxe4 Nxe4 13. Nxe4 dxe4 14. e3 Rad8
15. Qc2 f5 16. a3 Qf6 17. Rad1 Rd7 18. Ng2 Red8 19. Nf4 g5 20. Nxe6 Qxe6 21. d5
Qf6 22. dxc6 Qxc6 23. f3 Rd3 24. Rxd3 exd3 25. Qd2 Qc5 26. Rd1 Kf7 27. Kf2 f4
28. b4 fxg3+ 29. hxg3 Qf5 30. e4 Qh3 31. Qe1 h6 32. Ke3 d2 33. Rxd2 Rxd2 34.
Qxd2 Qxg3 35. Qd7+ Kf6 36. Qd8+ Kf7 37. Qd5+ Ke7 38. Qxb7 Qe1+ 39. Kd3 Qd1+ 40.
Ke3 Qe1+ 41. Kd3 Qd1+ 1/2-1/2

[Event "Eichlinghofen- Katernberg 3"]
[Site "?"]
[Date "2022.11.06"]
[Round "4.1"]
[White "Rosen, Willy"]
[Black "Watzlawek, Markus"]
[Result "0-1"]
[WhiteElo "2100"]
[BlackElo "2101"]
[PlyCount "74"]
[SourceDate "2022.10.02"]

1. e4 c5 2. Nc3 a6 3. g3 b5 4. Bg2 Bb7 5. d3 e6 6. f4 b4 7. Nce2 d5 8. e5 Ne7
9. Nf3 h5 10. O-O Nf5 11. c3 a5 12. a3 Nc6 13. Bd2 bxc3 14. bxc3 Be7 15. Rf2
Qd7 16. Bf1 d4 17. cxd4 cxd4 18. Qa4 Nxe5 19. Qxd7+ Nxd7 20. Bh3 g6 21. Bxf5
gxf5 22. Nfxd4 Bc5 23. Be3 h4 24. Nc2 Bxe3 25. Nxe3 Nc5 26. Rb1 Ba6 27. Nc1
hxg3 28. hxg3 Nxd3 29. Nxd3 Bxd3 30. Rb3 Be4 31. Rh2 Rxh2 32. Kxh2 Rd8 33. Nc4
Bd5 34. Rc3 Ke7 35. Ne5 f6 36. Nd3 Kd6 37. Nb2 Rh8+ 0-1

[Event "Eichlinghofen- Katernberg 3"]
[Site "?"]
[Date "2022.11.06"]
[Round "4.2"]
[White "Brockmann, Michael"]
[Black "Struck, Lasse"]
[Result "0-1"]
[WhiteElo "2107"]
[BlackElo "1933"]
[PlyCount "130"]
[SourceDate "2022.10.02"]

1. d4 Nf6 2. c4 e6 3. Nf3 Bb4+ 4. Nbd2 b6 5. g3 Bb7 6. Bg2 O-O 7. O-O a5 8. Qc2
d6 9. b3 Bxd2 10. Qxd2 Nbd7 11. Bb2 Qe7 12. Rfd1 Rfd8 13. Qc3 Be4 14. a3 c6 15.
b4 axb4 16. axb4 b5 17. Nd2 Bxg2 18. Kxg2 Nb6 19. cxb5 cxb5 20. Rxa8 Rxa8 21.
Qc6 Ra2 22. Rb1 Na4 23. Bc1 Qd7 24. Qf3 Qc8 25. Nf1 d5 26. Bf4 Ne4 27. Qd3 Qc4
28. Rc1 Nec3 29. Bd2 Qxd3 30. exd3 Ra3 31. Bxc3 Nxc3 32. Nd2 Kf8 33. Kf1 Ke7
34. f4 Kd7 35. Nf3 f6 36. Rc2 Rb3 37. Nd2 Ra3 38. Kf2 h5 39. Ke3 Na2 40. Rc5
Nxb4 41. Rxb5 Rxd3+ 42. Ke2 Rxd4 43. Rb7+ Kd6 44. Rxg7 h4 45. Rf7 hxg3 46. hxg3
f5 47. Rg7 Nc6 48. Nf3 Ra4 49. Ng5 Ra3 50. Rg6 Nd4+ 51. Kf2 Ra6 52. Nf7+ Kc5
53. Ne5 Ra2+ 54. Ke3 Ra3+ 55. Kf2 Kb4 56. g4 Ra2+ 57. Kf1 fxg4 58. Rxg4 Kc5 59.
Nd3+ Kd6 60. Rg7 Nf5 61. Rh7 d4 62. Rh8 Rd2 63. Nf2 Ng3+ 64. Kg1 Ra2 65. Rf8
Ke7 0-1

[Event "Eichlinghofen- Katernberg 3"]
[Site "?"]
[Date "2022.11.06"]
[Round "4.3"]
[White "Stremmel, Ralf"]
[Black "Schuette, Tobias"]
[Result "0-1"]
[WhiteElo "2064"]
[BlackElo "1858"]
[PlyCount "56"]
[SourceDate "2022.10.02"]

1. e4 e6 2. d4 d5 3. e5 c5 4. Nf3 Bd7 5. dxc5 Bxc5 6. Bd3 Ne7 7. Bf4 Qb6 8. O-O
Ng6 9. Bg3 Qxb2 10. Nbd2 Bc6 11. Qe2 Nd7 12. Nb3 Rc8 13. h4 Qc3 14. h5 Ne7 15.
Bf4 Qb4 16. g3 g6 17. Ng5 h6 18. Nxe6 fxe6 19. hxg6 Rg8 20. Qg4 Nxe5 21. Qxe6
Nxd3 22. cxd3 Rxg6 23. Qe2 Qxf4 24. Nxc5 d4 25. Rfe1 Rxg3+ 26. fxg3 Qxg3+ 27.
Kf1 Qh3+ 28. Kg1 Qh1+ 0-1

[Event "Eichlinghofen- Katernberg 3"]
[Site "?"]
[Date "2022.11.06"]
[Round "4.4"]
[White "Dreier, Daniel"]
[Black "Krueger, Erich"]
[Result "0-1"]
[WhiteElo "1898"]
[BlackElo "2127"]
[PlyCount "60"]
[SourceDate "2022.10.02"]

1. d4 Nf6 2. Nf3 g6 3. c4 Bg7 4. g3 O-O 5. Bg2 c5 6. O-O cxd4 7. Nxd4 Nc6 8.
Nc3 Nxd4 9. Qxd4 d6 10. Qh4 Qb6 11. a4 Be6 12. a5 Qa6 13. b4 Bxc4 14. Be3 d5
15. Bc5 Rfe8 16. Rfd1 e6 17. e4 Rad8 18. Rdb1 Nxe4 19. Nxe4 dxe4 20. Rd1 Rc8
21. Rac1 Be2 22. Rd7 Qc6 23. Rd2 Bf3 24. Bxf3 exf3 25. Rcd1 b6 26. axb6 axb6
27. Rd6 Qa4 28. Bxb6 Bf8 29. Rd7 Qxd7 30. Bd4 e5 0-1

[Event "Eichlinghofen- Katernberg 3"]
[Site "?"]
[Date "2022.11.06"]
[Round "4.5"]
[White "Gallas, Noel"]
[Black "Richter, Jan"]
[Result "0-1"]
[WhiteElo "1893"]
[BlackElo "1812"]
[PlyCount "102"]
[SourceDate "2022.10.02"]

1. e4 c5 2. Nf3 d6 3. g3 Nf6 4. d3 g6 5. Bg2 Bg7 6. O-O O-O 7. c3 Nc6 8. Re1
Rb8 9. h3 b5 10. d4 Nd7 11. Be3 Bb7 12. Nbd2 a5 13. Qe2 Ba6 14. d5 Nce5 15. Nh4
Nb6 16. b3 c4 17. Bd4 Nd3 18. Bxg7 Kxg7 19. Rf1 Qc8 20. Qe3 h6 21. Ndf3 b4 22.
Nd4 cxb3 23. Nhf5+ gxf5 24. Nxf5+ Qxf5 25. exf5 Ne5 26. Rfd1 b2 27. Rab1 Na4
28. cxb4 Rxb4 29. a3 Rb7 30. Qd4 Rc8 31. Qxa4 Be2 32. Re1 Bd3 33. Kh2 Bxb1 34.
Rxb1 Rc1 35. Qe4 Nc4 36. f6+ exf6 37. Qg4+ Kf8 38. Qc8+ Kg7 39. Qg4+ Kf8 40.
Be4 Nxa3 41. Rxb2 Rxb2 42. Qf4 Rc3 43. Qxf6 Nb5 44. Bg6 Ke8 45. Bxf7+ Kd7 46.
Be6+ Kc7 47. Qe7+ Kb6 48. Bd7 Rxf2+ 49. Kg1 Ra2 50. Qd8+ Kc5 51. Qc8+ Kb4 0-1

[Event "Eichlinghofen- Katernberg 3"]
[Site "?"]
[Date "2022.11.06"]
[Round "4.6"]
[White "Wloka, Sebastian"]
[Black "Geerlings, Gerd"]
[Result "1/2-1/2"]
[WhiteElo "1825"]
[BlackElo "2320"]
[PlyCount "50"]
[SourceDate "2022.10.02"]

1. d4 Nf6 2. Bg5 d5 3. Bxf6 exf6 4. e3 Bd6 5. c4 dxc4 6. Bxc4 O-O 7. Nc3 Re8 8.
Nf3 a6 9. a3 b5 10. Bd5 c6 11. Be4 f5 12. Bd3 g6 13. O-O Nd7 14. e4 fxe4 15.
Nxe4 Bf8 16. Rc1 Bb7 17. b4 Kg7 18. Re1 h6 19. Qb3 f5 20. Nc5 Nxc5 21. dxc5 Qf6
22. Bb1 Qf7 23. Qb2+ Qf6 24. Qb3 Qf7 25. Qb2+ Qf6 1/2-1/2

[Event "Eichlinghofen- Katernberg 3"]
[Site "?"]
[Date "2022.11.06"]
[Round "4.7"]
[White "Sauer, Bernd"]
[Black "Dekhtyaryuk, Dimitri"]
[Result "0-1"]
[WhiteElo "1865"]
[BlackElo "1853"]
[PlyCount "94"]
[SourceDate "2022.10.02"]

1. d4 Nf6 2. c4 c5 3. d5 b5 4. cxb5 a6 5. b6 Qxb6 6. Nc3 d6 7. e4 g6 8. Be2 Bg7
9. Nf3 Nbd7 10. O-O O-O 11. Nd2 Bb7 12. Nc4 Qc7 13. Be3 Nb6 14. Nxb6 Qxb6 15.
Qd2 Rad8 16. f3 Rb8 17. a3 Qc7 18. Rfc1 Rfd8 19. Rab1 e6 20. b4 exd5 21. Nxd5
Bxd5 22. exd5 Qb7 23. Bc4 cxb4 24. Rxb4 Qe7 25. Bd4 Rxb4 26. axb4 Qb7 27. Qb2
Nh5 28. Bxg7 Nxg7 29. Ra1 Qb6+ 30. Kh1 Ra8 31. g4 Ne8 32. Qe2 Qxb4 33. Rxa6 Rb8
34. Kg2 Nc7 35. Ra7 Re8 36. Qd3 Qc5 37. Ra2 Re3 38. Qf1 Rc3 39. Ra4 Nxd5 40.
Ra8+ Kg7 41. Bxd5 Qxd5 42. Re8 Qc6 43. Re4 d5 44. Rd4 Rc2+ 45. Kh1 Qc5 46. Qa1
Rc1+ 47. Rd1+ Rxa1 0-1

[Event "Unser Fritz- Listiger Bauer"]
[Site "?"]
[Date "2022.11.06"]
[Round "4.2"]
[White "Nowicki, Heiko"]
[Black "Mandl, Stefan"]
[Result "1/2-1/2"]
[WhiteElo "2064"]
[BlackElo "2004"]
[PlyCount "57"]
[SourceDate "2022.10.02"]

1. e4 c5 2. b4 cxb4 3. a3 d5 4. exd5 Nf6 5. axb4 Nxd5 6. b5 e6 7. Bb2 Nd7 8.
Nf3 N7f6 9. Ne5 Be7 10. Be2 O-O 11. O-O Qc7 12. Na3 Nd7 13. Nac4 Bf6 14. Ng4
Bxb2 15. Nxb2 N7b6 16. Nd3 Nc4 17. Ne3 Ndb6 18. Rb1 Bd7 19. Rb4 Rac8 20. Nxc4
Nxc4 21. Nb2 Nd6 22. Bd3 Qc5 23. Rh4 g6 24. Na4 Qg5 25. Rg4 Qf6 26. Nc3 Rxc3
27. dxc3 Bxb5 28. c4 Bc6 29. Bxg6 1/2-1/2

[Event "Unser Fritz- Listiger Bauer"]
[Site "?"]
[Date "2022.11.06"]
[Round "4.3"]
[White "Klups, Christoph"]
[Black "Rutz, Dirk"]
[Result "1-0"]
[WhiteElo "2091"]
[BlackElo "2006"]
[PlyCount "77"]
[SourceDate "2022.10.02"]

1. e4 d6 2. d4 Nf6 3. Bc4 g6 4. Nc3 Bg7 5. f3 O-O 6. Be3 c6 7. Qd2 b5 8. Bb3 a5
9. a4 b4 10. Nce2 Qc7 11. h4 c5 12. c4 Nbd7 13. d5 Re8 14. Nh3 e6 15. dxe6 Rxe6
16. Nhf4 Re8 17. h5 g5 18. Nd3 h6 19. Bc2 b3 20. Bxb3 Ne5 21. Nc3 Nxd3+ 22.
Qxd3 Qb8 23. Nb5 d5 24. cxd5 Qg3+ 25. Kf1 Nxe4 26. fxe4 Bf5 27. Nd6 Qxd6 28.
exf5 Rab8 29. Bd2 Re5 30. Bc3 Rxf5+ 31. Qxf5 Rxb3 32. Bxg7 Kxg7 33. Rh3 Rxh3
34. gxh3 Qh2 35. Qf3 Qxb2 36. Rd1 c4 37. d6 c3 38. d7 c2 39. d8=Q 1-0

[Event "Unser Fritz- Listiger Bauer"]
[Site "?"]
[Date "2022.11.06"]
[Round "4.4"]
[White "Jungbluth, Michael"]
[Black "Ball, Joerg"]
[Result "1/2-1/2"]
[WhiteElo "2036"]
[BlackElo "1945"]
[PlyCount "95"]
[SourceDate "2022.10.02"]

1. d4 f5 2. g3 Nf6 3. Bg2 g6 4. b3 Bg7 5. Bb2 O-O 6. Nf3 Ne4 7. Nbd2 d5 8. O-O
Nd7 9. c4 e6 10. Qc2 c6 11. Rae1 Ndf6 12. Ne5 Nxd2 13. Qxd2 Nd7 14. Nxd7 Bxd7
15. f3 f4 16. gxf4 Qh4 17. e3 g5 18. fxg5 Qxg5 19. Ba3 Rf7 20. Kh1 Kh8 21. f4
Qh4 22. Rf3 Rg8 23. Rh3 Qf6 24. Bd6 Qf5 25. Rg3 Bf6 26. e4 dxe4 27. Bxe4 Qh5
28. Rxg8+ Kxg8 29. Rg1+ Rg7 30. Rxg7+ Kxg7 31. Be5 b6 32. Qg2+ Kf7 33. Qf3 Qh4
34. Qg3 Qh5 35. Qd3 h6 36. Bf3 Qg6 37. Qxg6+ Kxg6 38. Be4+ Kf7 39. Bxf6 Kxf6
40. Kg2 c5 41. dxc5 bxc5 42. a3 e5 43. Kf3 a5 44. Ke3 Bh3 45. Bc2 h5 46. Bd1 h4
47. Ke4 exf4 48. Kxf4 1/2-1/2

[Event "Unser Fritz- Listiger Bauer"]
[Site "?"]
[Date "2022.11.06"]
[Round "4.5"]
[White "Brandhorst, Dieter"]
[Black "Rostek, Joerg"]
[Result "0-1"]
[WhiteElo "2103"]
[BlackElo "2185"]
[PlyCount "84"]
[SourceDate "2022.10.02"]

1. e4 c5 2. Nf3 Nc6 3. d4 cxd4 4. c3 Nf6 5. e5 Nd5 6. Qb3 e6 7. cxd4 Qb6 8.
Qxb6 Nxb6 9. Bd2 d5 10. Nc3 a6 11. Rc1 Bd7 12. Be2 Be7 13. O-O O-O 14. Rfd1
Rac8 15. Bg5 Bxg5 16. Nxg5 Rc7 17. Bd3 h6 18. Nf3 Rfc8 19. a3 Na7 20. Ne2 Nc4
21. Rc2 Ba4 22. Rdc1 Bxc2 23. Rxc2 Nxe5 24. Rxc7 Nxf3+ 25. gxf3 Rxc7 26. Nc3
Nc6 27. Ne2 Na5 28. a4 Nb3 29. Bb1 Nxd4 30. Nxd4 Rc1+ 31. Kg2 Rxb1 32. b3 e5
33. Nf5 Kf8 34. Ne3 d4 35. Nc4 f6 36. f4 Rxb3 37. fxe5 Rc3 38. Nd6 fxe5 39. Ne4
b5 40. axb5 axb5 41. Kf1 b4 42. Ke2 b3 0-1

[Event "Unser Fritz- Listiger Bauer"]
[Site "?"]
[Date "2022.11.06"]
[Round "4.6"]
[White "Tober, Julian"]
[Black "Petri, Norbert"]
[Result "1/2-1/2"]
[WhiteElo "1789"]
[BlackElo "2110"]
[PlyCount "57"]
[SourceDate "2022.10.02"]

1. e4 d6 2. d4 Nf6 3. Nc3 g6 4. Be3 Bg7 5. Be2 c6 6. Nf3 Bg4 7. O-O O-O 8. Qd2
b5 9. b4 Qc7 10. Bh6 Nbd7 11. Bxg7 Kxg7 12. a4 a5 13. axb5 axb4 14. Na2 Nxe4
15. Qe3 Nef6 16. bxc6 Qxc6 17. Nxb4 Qb6 18. Rab1 Qc7 19. c4 e5 20. dxe5 dxe5
21. Rfc1 Ra5 22. h3 Bxf3 23. Bxf3 Re8 24. Nd5 Qc5 25. Nxf6 Nxf6 26. Qxc5 Rxc5
27. Rb5 Rec8 28. Rxc5 Rxc5 29. g3 1/2-1/2

[Event "Unser Fritz- Listiger Bauer"]
[Site "?"]
[Date "2022.11.06"]
[Round "4.7"]
[White "Jurev, Sergej"]
[Black "Prang, Andreas"]
[Result "1/2-1/2"]
[WhiteElo "1740"]
[BlackElo "1806"]
[PlyCount "42"]
[SourceDate "2022.10.02"]

1. d4 Nf6 2. c4 c5 3. d5 b5 4. cxb5 a6 5. b6 Qxb6 6. Nc3 d6 7. e4 g6 8. Be2 Bg7
9. Nf3 Bg4 10. O-O Bxf3 11. Bxf3 O-O 12. Qc2 Nbd7 13. Be3 Ne8 14. Be2 Nc7 15.
a4 Rab8 16. Ra2 Qa7 17. Rb1 Qb7 18. b3 Qb4 19. Bd2 Qb6 20. Be3 Qb4 21. Bd2 Qb6
1/2-1/2

[Event "Unser Fritz- Listiger Bauer"]
[Site "?"]
[Date "2022.11.06"]
[Round "4.8"]
[White "Lindstaedt, Erik"]
[Black "Nagl, Simon"]
[Result "1-0"]
[WhiteElo "1477"]
[BlackElo "884"]
[PlyCount "37"]
[SourceDate "2022.10.02"]

1. e4 e6 2. d4 d5 3. Nc3 Nf6 4. e5 Nfd7 5. f4 a6 6. Nf3 c5 7. Be3 Nc6 8. Be2 f6
9. O-O fxe5 10. Ng5 Nxd4 11. Bxd4 exd4 12. Nxe6 Qb6 13. Nxd5 Qxb2 14. Nec7+ Kd8
15. Qe1 Be7 16. Ne6+ Ke8 17. Nxg7+ Kf8 18. Ne6+ Kf7 19. Bh5+ 1-0

[Event "VL1 SV Botttrop 1 - SV Bönen 1"]
[Site "?"]
[Date "2022.11.06"]
[Round "4.1"]
[White "Schlottmann, Fabian"]
[Black "Stadtmann, Jens"]
[Result "1-0"]
[WhiteElo "2292"]
[BlackElo "2184"]
[PlyCount "45"]
[SourceDate "2022.10.02"]
[WhiteTeam "SV Bönen 1"]
[BlackTeam "SV Bottrop 1"]

1. d4 Nf6 2. Bg5 e6 3. e4 h6 4. Bxf6 Qxf6 5. Nf3 d6 6. Nc3 c6 7. e5 Qd8 8. Bd3
d5 9. O-O b6 10. Ne2 Ba6 11. c3 Bxd3 12. Qxd3 Be7 13. Nf4 O-O 14. Nh5 Nd7 15.
Rae1 Re8 16. Re3 Nf8 17. h3 g6 18. Nf4 c5 19. Nh2 Bg5 20. Rf3 Kg7 21. Ng4 Nh7
22. g3 h5 23. Nxh5+ 1-0

[Event "VL1 SV Botttrop 1 - SV Bönen 1"]
[Site "?"]
[Date "2022.11.06"]
[Round "4.2"]
[White "Böhm, Joachim"]
[Black "Mönkemeyer, Maik"]
[Result "1-0"]
[WhiteElo "2211"]
[BlackElo "1874"]
[PlyCount "67"]
[SourceDate "2022.10.02"]
[WhiteTeam "SV Bottrop 1"]
[BlackTeam "SV Bönen 1"]

1. d4 d5 2. c4 e6 3. Nc3 Nf6 4. cxd5 exd5 5. Bg5 Be7 6. e3 c6 7. Bd3 O-O 8. Qc2
Nbd7 9. Nf3 Re8 10. h3 Nf8 11. Bf4 Bd6 12. Bxd6 Qxd6 13. O-O Ne6 14. Rab1 g6
15. b4 Ng7 16. b5 Bf5 17. bxc6 bxc6 18. Rfc1 Rec8 19. Na4 Qa3 20. Nc5 Bxd3 21.
Qxd3 Qa5 22. Qa6 Qxa6 23. Nxa6 Ne4 24. Ne5 c5 25. dxc5 f6 26. Nd3 Ne6 27. Rb7
Rc6 28. Nab4 N4xc5 29. Nxc5 Rxc5 30. Rxc5 Nxc5 31. Rc7 Ne4 32. f3 Nd6 33. Nxd5
Ne8 34. Re7 1-0

[Event "VL1 SV Botttrop 1 - SV Bönen 1"]
[Site "?"]
[Date "2022.11.06"]
[Round "4.3"]
[White "Merz, Martin"]
[Black "Ruhmann, Gabriel"]
[Result "1/2-1/2"]
[WhiteElo "1967"]
[BlackElo "1800"]
[PlyCount "34"]
[SourceDate "2022.10.02"]
[WhiteTeam "SV Bönen 1"]
[BlackTeam "SV Bottrop 1"]

1. d4 g6 2. Nf3 Bg7 3. g3 d6 4. Bg2 Nc6 5. O-O e5 6. dxe5 dxe5 7. Qxd8+ Nxd8 8.
Na3 f6 9. e4 Bd7 10. Re1 Ne6 11. Nc4 Bh6 12. Bh3 O-O-O 13. Be3 Bxe3 14. Nxe3
Ne7 15. Rad1 Nc5 16. Bxd7+ Rxd7 17. Rxd7 Nxd7 1/2-1/2

[Event "VL1 SV Botttrop 1 - SV Bönen 1"]
[Site "?"]
[Date "2022.11.06"]
[Round "4.4"]
[White "Masberg, Stefan"]
[Black "Fuest, Torsten"]
[Result "1/2-1/2"]
[WhiteElo "1907"]
[BlackElo "1897"]
[PlyCount "99"]
[SourceDate "2022.10.02"]
[WhiteTeam "SV Bottrop 1"]
[BlackTeam "SV Bönen 1"]

1. e4 c5 2. Nf3 g6 3. d4 cxd4 4. Nxd4 Bg7 5. Be3 Nf6 6. Nc3 Nc6 7. Qd2 O-O 8.
f3 d5 9. O-O-O dxe4 10. Nxc6 Qxd2+ 11. Bxd2 bxc6 12. Nxe4 Nxe4 13. fxe4 Be6 14.
b3 Rfd8 15. Be2 a5 16. a4 Be5 17. h3 Kg7 18. Be3 Bd6 19. Bf3 Rdc8 20. g4 Rab8
21. Bd4+ f6 22. g5 c5 23. gxf6+ exf6 24. Bxf6+ Kxf6 25. Rxd6 Ke5 26. Ra6 Ra8
27. Rxe6+ Kxe6 28. Bg4+ Ke5 29. Bxc8 Rxc8 30. Re1 Rd8 31. Kb2 Rd4 32. Kc3 g5
33. Rg1 h6 34. Rg4 Rxe4 35. Rg2 Kf5 36. Kd3 h5 37. c3 Rh4 38. Rg3 g4 39. hxg4+
Rxg4 40. Rf3+ Kg5 41. Rf8 Kh4 42. Ra8 Kg3 43. Rxa5 h4 44. Rxc5 h3 45. Re5 Rf4
46. Rg5+ Rg4 47. Rh5 Rh4 48. Rg5+ Rg4 49. Rh5 Rh4 50. Rg5+ 1/2-1/2

[Event "VL1 SV Botttrop 1 - SV Bönen 1"]
[Site "?"]
[Date "2022.11.06"]
[Round "4.5"]
[White "Helmert, Jochen"]
[Black "Gierse, Heinz-Dieter"]
[Result "1/2-1/2"]
[WhiteElo "1892"]
[BlackElo "1911"]
[PlyCount "91"]
[SourceDate "2022.10.02"]
[WhiteTeam "SV Bönen 1"]
[BlackTeam "SV Bottrop 1"]

1. e4 d5 2. exd5 Nf6 3. c4 e6 4. dxe6 Bxe6 5. Nf3 Qe7 6. Qe2 Nc6 7. d4 Bf5 8.
a3 Ne4 9. Nc3 Nxc3 10. Qxe7+ Bxe7 11. bxc3 O-O 12. Be3 Na5 13. Nd2 Rfe8 14. Be2
b6 15. O-O Rad8 16. Rfe1 Bf6 17. Bf3 Bd3 18. Bd5 g5 19. h3 b5 20. f4 h6 21.
fxg5 hxg5 22. Bf2 Rxe1+ 23. Rxe1 bxc4 24. Be4 Bxe4 25. Nxe4 Be7 26. Rb1 Nb3 27.
a4 Rd5 28. Rb2 Ra5 29. Be3 Kg7 30. g4 Kg6 31. Ra2 f5 32. gxf5+ Rxf5 33. Kg2 Ra5
34. Nf2 Bf6 35. Ng4 Be7 36. Ne5+ Kf6 37. Nc6 Ra6 38. Nxe7 Kxe7 39. Bxg5+ Ke6
40. Kg3 Kd5 41. Kf3 c5 42. dxc5 Nxc5 43. Bd8 Ne4 44. Ra3 Rg6 45. Bh4 Nd2+ 46.
Kf4 1/2-1/2

[Event "VL1 SV Botttrop 1 - SV Bönen 1"]
[Site "?"]
[Date "2022.11.06"]
[Round "4.6"]
[White "Nowacki, Marcus"]
[Black "Wegner, Stephan"]
[Result "1/2-1/2"]
[WhiteElo "1803"]
[BlackElo "1791"]
[PlyCount "83"]
[SourceDate "2022.10.02"]
[WhiteTeam "SV Bottrop 1"]
[BlackTeam "SV Bönen 1"]

1. Nf3 Nf6 2. b3 e6 3. Bb2 d5 4. e3 c5 5. Bb5+ Bd7 6. Bxd7+ Nbxd7 7. O-O Be7 8.
c4 O-O 9. d4 Rc8 10. Qe2 Nb6 11. Rd1 Qc7 12. Na3 dxc4 13. Nb5 Qb8 14. dxc5 Rxc5
15. Ba3 Rxb5 16. Bxe7 Re8 17. bxc4 Rh5 18. Bd6 Qc8 19. Rac1 Qc6 20. Ne5 Qa4 21.
Rd4 Qa5 22. c5 Nbd5 23. g4 Rh4 24. g5 Rxd4 25. exd4 Nf4 26. Qb2 Nh3+ 27. Kg2
Nxg5 28. f3 h5 29. h4 Ngh7 30. Qxb7 Qd2+ 31. Kh3 Ng5+ 32. hxg5 Qxc1 33. Qxf7+
Kh8 34. Ng6+ Kh7 35. gxf6 Qh1+ 36. Kg3 Qg1+ 37. Kh4 Qh1+ 38. Kg5 Qg2+ 39. Kxh5
Qxf3+ 40. Kh4 Qh1+ 41. Kg3 Qe1+ 42. Kg4 1/2-1/2

[Event "VL1 SV Botttrop 1 - SV Bönen 1"]
[Site "?"]
[Date "2022.11.06"]
[Round "4.7"]
[White "Medger, Gernot"]
[Black "Jäger, Heinz"]
[Result "0-1"]
[WhiteElo "1822"]
[BlackElo "1966"]
[Annotator "Medger,Gernot"]
[PlyCount "52"]
[SourceDate "2022.10.02"]
[WhiteTeam "SV Bönen 1"]
[BlackTeam "SV Bottrop 1"]

1. c4 e5 2. g3 f5 3. Bg2 Nf6 4. Nc3 Bc5 5. d3 O-O 6. e3 c6 7. Nge2 d6 8. O-O
Be6 9. a3 Bb6 10. b3 Qe7 11. Bb2 Nbd7 12. d4 Rad8 13. Qc2 Rc8 14. dxe5 dxe5 15.
Rad1 Qf7 16. Na4 Bc7 17. Nac3 Qh5 18. Nc1 f4 19. exf4 exf4 20. Qe2 Bg4 21. f3
fxg3 22. hxg3 Bxg3 23. Bh1 Bh3 24. Ne4 Bxf1 25. Nxf6+ Rxf6 26. Rxf1 Rg6 0-1

[Event "VL1 SV Botttrop 1 - SV Bönen 1"]
[Site "?"]
[Date "2022.11.06"]
[Round "4.8"]
[White "Tochtrop, Lothar"]
[Black "Schütz, Ralf"]
[Result "1-0"]
[WhiteElo "1773"]
[BlackElo "1755"]
[PlyCount "91"]
[SourceDate "2022.10.02"]
[WhiteTeam "SV Bottrop 1"]
[BlackTeam "SV Bönen 1"]

1. e4 d6 2. d4 Nf6 3. Nc3 g6 4. Bc4 c6 5. Qe2 b5 6. Bb3 b4 7. Na4 Ba6 8. Qf3
Qd7 9. e5 Nd5 10. c4 bxc3 11. Nxc3 Bb7 12. Nxd5 cxd5 13. Bxd5 Bxd5 14. Qxd5 Nc6
15. Bf4 Rc8 16. Rc1 e6 17. Qe4 dxe5 18. dxe5 Bb4+ 19. Kf1 O-O 20. Nf3 Qd5 21.
Qxd5 exd5 22. a3 Ba5 23. Ke2 f6 24. exf6 Rce8+ 25. Kf1 Rxf6 26. Be3 Bb6 27.
Bxb6 axb6 28. Re1 Rfe6 29. Rxe6 Rxe6 30. Nd2 Ne5 31. b4 Nd3 32. Nf3 Rc6 33. Ke2
Nf4+ 34. Kd2 Nxg2 35. Rc1 Rf6 36. Rc3 Nf4 37. a4 Nh3 38. Ke2 Re6+ 39. Re3 Nf4+
40. Kd2 Rd6 41. b5 Ne6 42. Rc3 Nc5 43. Rxc5 bxc5 44. a5 Rd8 45. b6 Kf7 46. a6
1-0